| 000 | 00379cam a2200169 4500 | ||
|---|---|---|---|
| 001 | D12985 | ||
| 008 | 090401t1881 xxu||||| |||| 00| 0 eng d | ||
| 035 | _a(Sirsi) u7015 | ||
| 041 | _aeng | ||
| 100 | _aHolloway, Thomas | ||
| 245 | 4 | _aThe practical surveyor | |
| 260 |
_aLondon _bHorace Cox _c1881 |
||
| 350 | _a0 | ||
| 520 | _aShelf 182 | ||
| 942 | _n0 | ||
| 948 | _c04/03/1997 | ||
| 999 |
_c86379 _d86379 |
||